| 000 | 00588nam a2200193Ia 4500 | ||
|---|---|---|---|
| 003 | GCL | ||
| 008 | 140319s9999 xx 000 0 ara d | ||
| 040 |
_aGCL / _cGCL |
||
| 082 | 0 | 4 |
_a229.415 _bم ق |
| 100 | 1 | _aمحمد عثمان نجاتى | |
| 245 | 1 | 0 |
_aالقران وعلم النفس / _cمحمد عثمان نجاتى |
| 260 |
_aالقاهرة : _bدار الشروق ، _c1989 |
||
| 300 |
_a319 ص ؛ _c24 سم |
||
| 650 | 0 | 4 | _aالاسلام |
| 650 | 0 | 4 | _aالقران والعلم |
| 650 | 0 | 4 | _aعلم النفس الدينى |
| 650 | 0 | 4 | _aالقران |
| 942 |
_2ddc _cBK |
||
| 999 |
_c34556 _d34556 |
||